| 000 | 00625nam a2200205u 4500 | ||
|---|---|---|---|
| 999 |
_c5423 _d5423 |
||
| 001 | 783007 | ||
| 003 | OSt | ||
| 005 | 20190103184416.0 | ||
| 008 | 740125c19671966nju 000 0 eng u | ||
| 040 | _cDLC | ||
| 082 |
_a248.88 _bW119L |
||
| 090 |
_aBV4596.B8 _bW3 |
||
| 100 | 1 | _aWade, Marion E | |
| 245 | 1 | 4 |
_aThe Lord is my counsel : _ba businessman's personal experiences with the Bible / _cby Marion E. Wade with Glenn D. Kittler |
| 260 |
_aEnglewood Cliffs, NJ : _bPrentice-Hall, _c[1967, c1966] |
||
| 300 |
_aix, 178 p. ; _c21 cm |
||
| 650 | 0 |
_aBusinessmen _xReligious life |
|
| 700 | 1 | 0 | _aKittler, Glenn D |
| 942 |
_2ddc _cBK |
||